| 000 | 01159nam a22003977a 4500 | ||
|---|---|---|---|
| 001 | BR2012001914 | ||
| 003 | BR-BrBNA | ||
| 005 | 20230928103922.0 | ||
| 007 | ta | ||
| 008 | 230509b bl.||||| |||| 00| 0 por d | ||
| 040 |
_aBR-BrBNA _bpor _cBiblioteca Nacional de Agricultura |
||
| 041 | _a(Eng) | ||
| 072 | _aL10 | ||
| 090 | _ L10 BR2012001914 | ||
| 100 | 1 | _aPollak, E.J. | |
| 110 | 1 |
_aSociedade Brasileira de Melhoramento Animal, João Pessoa, PB (Brasil) _99767 |
|
| 111 | 1 |
_a8. World Congress on Genetics Applied to Livestock Production _cBelo Horizonte, MG (Brazil) _d13-18 Aug 2006 |
|
| 245 | 1 | _a8. World congress on genetics applied to livestock production | |
| 260 | 3 |
_aBelo Horizonte, MG (Brasil): _c2006. |
|
| 300 | _a290 p. | ||
| 500 | _aSummary only | ||
| 650 | _aREPRODUÇÃO ANIMAL | ||
| 650 | _aGENÉTICA ANIMAL | ||
| 650 | _aCRIAÇÃO | ||
| 650 | _aCAPRINOCULTURA | ||
| 650 | _aGADO LEITEIRO | ||
| 650 | _aOVELHA | ||
| 650 | _aBÚFALO | ||
| 650 | _aLACTAÇÃO | ||
| 650 | _aCONSUMO | ||
| 650 | _aRAÇÃO | ||
| 650 | _aESTATÍSTICA | ||
| 650 | _aGESTÃO | ||
| 909 |
_a202309 _bLucia _c55 _dLucia Elande |
||
| 942 | _cBK | ||
| 999 |
_c77235 _d77235 |
||